00465 a2200169 450000100060000002000150000604000220002110000220004324000270006524500220009230000080011436200090012265000270013194200070015895201130016599900170027861044 a8587122525 cAnchieta - Pituba aAbbud, Lia Regina10aO que eu vou ser?lpor10aO que eu vou ser? a1930 a2003 4aEscolha de vocação cBK 00104070a91.1b91.1d2023-11-21l0o331.702 A134q ABB OQUp12919/PITr2023-11-21 18:29:10w2023-11-21yBK c61044d61044